000 00256nam a2200121Ia 4500
100 _aMehta/V.K/ Mehta/R
650 _aElectrical
942 _cBK
245 _aBasic Electrical Engineering
260 _bS.Chand and Co.
546 _aENGLISH
999 _c25704
_d25704